000 00581nam a2200169 4500
008 010814s1983 us engYA
020 _a0801067022
090 _aPA881
_bOw3
100 1 _aOwings, Timothy
245 1 0 _aA cumulative index to the New Testament Greek grammars /
_cTimothy Owings.
260 _aMichigan :
_bBaker,
_cc1983.
300 _a204 p.
650 4 _aBible. N.T.
_xLanguage, style
_xIndexes.
650 4 _aGreek language, Biblical
_xGrammar
_xIndexes.
951 _p9277
_x00014469
_oPA881/Ow3
_j070613110943328
_d2000-12-21
_cGC
999 _c2768
_d2768